01037nam a2200121Ia 4500008004100000041001200041245001800053260001400071440000600085500002800091510053900119650025700658231221s9999 xx 000 0 und d aEnglish 0aDigit (1999 - cJul, 2001 aI aTitle changed into CHIP aStart with microsoft access 2000 free course , Tips and tricks. graphics, dtp, internet epaper adobe advocate , resolve hands-on: Upgrading your PC software devp tools blender DHTML menu builder 3.0 Graphics aver magic pro Vicman's photo editor internet, Neotrace Express v3.0 Trillan v0.635 Home Fineprint build 49 allmaster 2.4c Utilities automated winimage, In mag Microsoft reader v1.5 Crypt Edit v4.1 Office, Defrag commander NE VMware Workstation , In print, radar pricewatch test drive , mindmatters, 10 ebooks,10 whitepapers  aStart with microsoft access 2000 free course , Tips and tricks. graphics, dtp, internet epaper adobe advocate , resolve hands-on: Upgrading your PC software devp tools blender DHTML menu builder 3.0 Graphics aver magic pro Vicman's photo editor interne